000 00711nam a2200289Ia 4500
005 20260324125936.0
008 008 260324s9999 xx 000 0 eng d
020 _a9780203929858
037 _aEBOOK
040 _aCRL
040 _beng
040 _cCRL
041 _2eng
041 _aeng
084 _qCRL
100 _aRaya Jones; Nick Stratton; Sue Congram; Austin Clarkson
_91179924
245 0 _aEducation and Imagination
245 0 _bPost-Jungian Perspectives
260 _bTaylor and Francis
260 _c2008
365 _a
365 _b195
856 _uhttp://www.taylorfrancis.com/books/9780203929858
942 _cEBOOK
999 _c1775607
_d1775607